Management information systems :managing the digital firm / (Record no. 2461)

000 -LEADER
fixed length control field 01043cam a22003014a 4500
001 - CONTROL NUMBER
control field 15929801
003 - CONTROL NUMBER IDENTIFIER
control field OSt
005 - DATE AND TIME OF LATEST TRANSACTION
control field 20160725103631.0
008 - FIXED-LENGTH DATA ELEMENTS--GENERAL INFORMATION
fixed length control field 091001r20102006njua b 001 0 eng d
010 ## - LIBRARY OF CONGRESS CONTROL NUMBER
LC control number 2009502800
020 ## - INTERNATIONAL STANDARD BOOK NUMBER
International Standard Book Number 9780136093688
035 ## - SYSTEM CONTROL NUMBER
System control number (OCoLC)ocn314107338
040 ## - CATALOGING SOURCE
Original cataloging agency DGW
Language of cataloging eng
Transcribing agency DGW
Modifying agency YDXCP
-- DLC
042 ## - AUTHENTICATION CODE
Authentication code lccopycat
050 00 - LIBRARY OF CONGRESS CALL NUMBER
Classification number T58.6.L376 2010
082 00 - DEWEY DECIMAL CLASSIFICATION NUMBER
Classification number 658.4/038011
Edition number 22
100 1# - MAIN ENTRY--PERSONAL NAME
Personal name Laudon, Kenneth C.,
Dates associated with a name 1944-
245 10 - TITLE STATEMENT
Title Management information systems :managing the digital firm /
Statement of responsibility, etc Kenneth C. Laudon, Jane P. Laudon.
250 ## - EDITION STATEMENT
Edition statement 11th ed.
260 ## - PUBLICATION, DISTRIBUTION, ETC. (IMPRINT)
Place of publication, distribution, etc Upper Saddle River, NJ :
Name of publisher, distributor, etc Pearson/Prentice Hall,
Date of publication, distribution, etc c2010.
300 ## - PHYSICAL DESCRIPTION
Extent xxx, 581, [44] p. :
Other physical details col. ill. ;
Dimensions 28 cm.
504 ## - BIBLIOGRAPHY, ETC. NOTE
Bibliography, etc Includes bibliographical references (p. R1-R18) and index.
650 #0 - SUBJECT ADDED ENTRY--TOPICAL TERM
Topical term or geographic name as entry element Management information systems.
700 1# - ADDED ENTRY--PERSONAL NAME
Personal name Laudon, Jane P.
Fuller form of name (Jane Price)
906 ## - LOCAL DATA ELEMENT F, LDF (RLIN)
a 7
b cbc
c copycat
d 2
e ncip
f 20
g y-gencatlg
942 ## - ADDED ENTRY ELEMENTS (KOHA)
Source of classification or shelving scheme
Koha item type Book
Holdings
Withdrawn status Lost status Source of classification or shelving scheme Damaged status Not for loan Home library Current library Shelving location Date acquired Total Checkouts Full call number Barcode Date last seen Copy number Price effective from Koha item type
          Riara University Library Riara University Library General stack 25/07/2016   T58.6.L376 2010 7839/16 25/07/2016 C.1 25/07/2016 Book

Riara University Library,
P.O. Box 49940-00100,
Nairobi, Kenya.